00331nam a2200121Ia 4500008004100000041000800041082001700049100001300066245003800079250001200117260004800129300003200177240624s9999 xx 000 0 und d aeng a658.1552 IYE aIYER S S aVALUE ENGINEERING A HOW TO MANUAL a(2 ed.) c2000aNew DelhibNew Age International Pub. axiii, : 267 : p. : cm. ; 22